书目信息 |
| 题名: |
教育信息化价值及其测评技术
|
|
| 作者: | 杨雷 , 张晓鹏 , 骆金凤 著 | |
| 分册: | ||
| 出版信息: | 北京 科学出版社 2008 |
|
| 页数: | 279页 | |
| 开本: | 24cm | |
| 丛书名: | ||
| 单 册: | ||
| 中图分类: | G434 | |
| 科图分类: | ||
| 主题词: | 计算机辅助教学--研究 , 计算机辅助教学 | |
| 电子资源: | ||
| ISBN: | 978-7-03-022971-7 | |
| 000 | 01029nam0 2200277 45 | |
| 001 | 1050774328 | |
| 005 | 20100416092410.85 | |
| 010 | @a978-7-03-022971-7@dCNY36.00 | |
| 100 | @a20100408d2008 ekmy0chiy0120 ea | |
| 101 | 0 | @achi |
| 102 | @aCN@b110000 | |
| 105 | @ay z 000yy | |
| 106 | @ar | |
| 200 | 1 | @a教育信息化价值及其测评技术@AJiao Yu Xin Xi Hua Jia Zhi Ji Qi Ce Ping Ji Shu@f杨雷,张晓鹏,骆金凤著@FYang Lei, Zhang Xiao Peng, Luo Jin Feng Zhu |
| 210 | @a北京@c科学出版社@d2008 | |
| 215 | @a279页@d24cm | |
| 300 | @a广东省教育科学重点研究项目(B16N9060200)成果华南理工大学新型工业化研究基地资助项目 | |
| 330 | @a本书介绍了信息、信息技术及其教育应用、教育信息化导论、教育信息化的评价、教育信息化的价值、教育信息化价值测评基础等共11章。 | |
| 606 | 0 | @a计算机辅助教学@x研究 |
| 606 | 0 | @a计算机辅助教学 |
| 690 | @aG434@v4 | |
| 701 | 0 | @a杨雷@AYang Lei@4著 |
| 701 | 0 | @a张晓鹏@AZhang Xiao Peng@4著 |
| 701 | 0 | @a骆金凤@ALuo Jin Feng@4著 |
| 801 | 0 | @aCN@bTANGWEI@c20100416 |
| 905 | @b0590364-66@dG434@e100@f3 | |
| 教育信息化价值及其测评技术/杨雷,张晓鹏,骆金凤著.-北京:科学出版社,2008 |
| 279页;24cm |
| 广东省教育科学重点研究项目(B16N9060200)成果华南理工大学新型工业化研究基地资助项目 |
| ISBN 978-7-03-022971-7:CNY36.00 |
| 本书介绍了信息、信息技术及其教育应用、教育信息化导论、教育信息化的评价、教育信息化的价值、教育信息化价值测评基础等共11章。 |
| ● |
| 相关链接 |
|
|
|
|
正题名:教育信息化价值及其测评技术
索取号:G434/100
 
预约/预借
| 序号 | 登录号 | 条形码 | 馆藏地/架位号 | 状态 | 备注 |
| 1 | 0590364 | 205903646 | 第一样本阅览室/ [索取号:G434/100] | 在馆 | |
| 2 | 0590365 | 205903655 | 第四借阅区/ [索取号:G434/100] | 在馆 | |
| 3 | 0590366 | 205903664 | 第四借阅区/ [索取号:G434/100] | 在馆 |